Statistics for Countries Containing Letters T and U

Click here to take the quiz!

General Stats

  • This quiz has been taken 68 times
    (35 since last reset)
  • The average score is 18 of 28

Answer Stats

Answer% Correct
UK
92%
Australia
83%
Turkmenistan
83%
Turkey
83%
Austria
79%
USA
79%
UAE
79%
Tuvalu
79%
Vanuatu
75%
Bhutan
75%
Uzbekistan
67%
South Korea
67%
South Africa
67%
Portugal
67%
Lithuania
63%
South Sudan
63%
Kuwait
63%
Antigua and Barbuda
58%
Mauritius
54%
Mauritania
54%
Guatemala
54%
Djibouti
54%
Tunisia
50%
Republic of the Congo
46%
Democratic Republic of The Congo
46%
Saint Lucia
42%
Central African Republic
42%
Equatorial Guinea
29%

Score Distribution

Percentile by Number Answered

Percent of People with Each Score

Your Score History

You have not taken this quiz since the last reset